000 00593cam a22002053a 4500
001 40045
003 PGUSA
005 20140828083907.0
008 120620s2012||||xxu|||||s|||||000 | eng d
040 _aPGUSA
_beng
042 _adc
100 1 _aSteel, Flora Annie Webster,
_d1847-1929
245 1 0 _aVoices in the Night
_h[electronic resource] /
_cFlora Annie Webster Steel
260 _bProject Gutenberg,
_c2012
506 _aPublic domain in the USA.
516 _aElectronic text
830 0 _aProject Gutenberg
_v40045
856 4 0 _uhttp://www.gutenberg.org/ebooks/40045
942 _cEB
999 _c269298
_d269298